000 00210 a2200097 4500
001 17636
100 _aLeithnann G
245 _aTopics in optimization
260 _a
_bAcademic Press
_c
090 _c13021
_d13021
942 _aNUST-CAE
_cM
_c3361
999 _c252709
_d252709